Normal view
MARC view
- Gómez-Ibáñez, José A.,
Entry Personal Name
001 - CONTROL NUMBER
- control field: 22069
003 - CONTROL NUMBER IDENTIFIER
- control field: NUST
005 - DATE AND TIME OF LATEST TRANSACTION
- control field: 20191001101939.0
008 - FIXED-LENGTH DATA ELEMENTS
- fixed length control field: 191001|| aca||aabn | a|a d
040 ## - CATALOGING SOURCE
- Original cataloging agency: NUST
- Transcribing agency: NUST
100 ## - HEADING--PERSONAL NAME
- Personal name: Gómez-Ibáñez, José A.,
- Dates associated with a name: 1948-
670 ## - SOURCE DATA FOUND
- Source citation: Work cat.: (NUST)0: Gómez-Ibáñez, José A., 1948-, Road pricing for congestion management :, 1994.
